Southville International School and Colleges
Your cart is empty.
  • Cart
  • Lists
    Public lists Eva Luna New books Lux_list list_1
    Your lists Log in to create your own lists
  • Log in to your account
  • Your cookies
  • Search history
Southville International School and Colleges
  • Advanced search
  • Recent comments
  • Most popular
  • Libraries

Log in to your account

Log in with GOOGLE


If you do not have an external account, but do have a local account, you can still log in:

  1. Home
  2. MARC view: Nursing theorists and their work /
Normal view MARC view ISBD view

Nursing theorists and their work / (Record no. 283693)

[ view plain ]
MARC details
000 -LEADER
fixed length control field 01180cam a2200361 i 4500
001 - CONTROL NUMBER
control field 17773670
003 - CONTROL NUMBER IDENTIFIER
control field PILC
005 - DATE AND TIME OF LATEST TRANSACTION
control field 20150303104310.0
008 - FIXED-LENGTH DATA ELEMENTS--GENERAL INFORMATION
fixed length control field 130610s2014 moua b 001 0ceng
010 ## - LIBRARY OF CONGRESS CONTROL NUMBER
LC control number 2013023220
020 ## - INTERNATIONAL STANDARD BOOK NUMBER
International Standard Book Number 9780323091947 (pbk. : alk. paper)
020 ## - INTERNATIONAL STANDARD BOOK NUMBER
International Standard Book Number 9789814371728
035 ## - SYSTEM CONTROL NUMBER
System control number (DNLM)101610038
040 ## - CATALOGING SOURCE
Original cataloging agency DNLM/DLC
Transcribing agency DLC
Description conventions rda
Modifying agency DLC
042 ## - AUTHENTICATION CODE
Authentication code pcc
050 00 - LIBRARY OF CONGRESS CALL NUMBER
Classification number RT 84.5
Item number .N9 2014
060 10 - NATIONAL LIBRARY OF MEDICINE CALL NUMBER
Classification number WY 86
082 00 - DEWEY DECIMAL CLASSIFICATION NUMBER
Classification number 610.7301
245 00 - TITLE STATEMENT
Title Nursing theorists and their work /
Statement of responsibility, etc [edited by] Martha Raile Alligood, Professor Emeritus, College of Nursing, East Carolina University, Greenville, North Carolina.
250 ## - EDITION STATEMENT
Edition statement 8th ed.
260 ## - PUBLICATION, DISTRIBUTION, ETC. (IMPRINT)
Place of publication, distribution, etc St. Louis, Missouri :
Name of publisher, distributor, etc Elsevier,
Date of publication, distribution, etc c2014.
300 ## - PHYSICAL DESCRIPTION
Extent xvii, 746 pages :
Other physical details illustrations ;
Dimensions 24 cm
504 ## - BIBLIOGRAPHY, ETC. NOTE
Bibliography, etc Includes bibliographical references and index.
521 ## - TARGET AUDIENCE NOTE
Target audience note Nursing
650 12 - SUBJECT ADDED ENTRY--TOPICAL TERM
Topical term or geographic name as entry element Nursing Theory.
650 22 - SUBJECT ADDED ENTRY--TOPICAL TERM
Topical term or geographic name as entry element Models, Nursing.
650 22 - SUBJECT ADDED ENTRY--TOPICAL TERM
Topical term or geographic name as entry element Nurses
Form subdivision Biography.
650 22 - SUBJECT ADDED ENTRY--TOPICAL TERM
Topical term or geographic name as entry element Philosophy, Nursing.
700 1# - ADDED ENTRY--PERSONAL NAME
Personal name Alligood, Martha Raile,
Relator term editor of compilation.
906 ## - LOCAL DATA ELEMENT F, LDF (RLIN)
a 7
b cbc
c orignew
d 1
e ecip
f 20
g y-gencatlg
942 ## - ADDED ENTRY ELEMENTS (KOHA)
Source of classification or shelving scheme Library of Congress Classification
Koha item type Books
Holdings
Withdrawn status Lost status Source of classification or shelving scheme Damaged status Home library Current library Shelving location Date acquired Source of acquisition Sub Shelving location Total Checkouts Total Renewals Full call number Barcode Date last seen Date checked out Price effective from Koha item type
    Library of Congress Classification   College Library College Library Filipiniana Section 03/03/2015 Library Fund   2 1 RT 84.5 .N9 2014 C19193 05/08/2018 09/29/2015 03/03/2015 Books
    Library of Congress Classification   College Library College Library Filipiniana Section 03/04/2015 Library Fund   1 5 RT 84.5 .N9 2014 C19136 05/08/2018 09/09/2015 03/04/2015 Books

Nursing theorists and their work /

APA

Alligood M. R., . (2014). Nursing theorists and their work. St. Louis, Missouri: Elsevier.

Chicago

Alligood Martha Raile, . 2014. Nursing theorists and their work. St. Louis, Missouri: Elsevier.

Harvard

Alligood M. R., . (2014). Nursing theorists and their work. St. Louis, Missouri: Elsevier.

MLA

Alligood Martha Raile, . Nursing theorists and their work. St. Louis, Missouri: Elsevier. 2014.

  • Place hold
  • Print
  • Cite
  • Add to your cart (remove)
  • Save record
    BIBTEX Dublin Core MARCXML MARC (non-Unicode/MARC-8) MARC (Unicode/UTF-8) MARC (Unicode/UTF-8, Standard) MODS (XML) RIS
  • More searches
    Search for this title in:
    Other Libraries (WorldCat) Other Databases (Google Scholar) Online Stores (Bookfinder.com) Open Library (openlibrary.org)

Exporting to Dublin Core...

SOUTHVILLE LIBRARY

Southville International School and Colleges Library

1281 Tropical Ave. Cor. Luxembourg St., BF Homes International, Las Pinas City

Tel. No. 8256374 / 252358 Loc. 117/146

Powered by Koha